Quantum probability and spectral analysis of graphs / (Record no. 29675)
[ view plain ]
| 000 -LEADER | |
|---|---|
| fixed length control field | 00720 a2200205 4500 |
| 020 ## - INTERNATIONAL STANDARD BOOK NUMBER | |
| International Standard Book Number | 3540488626 |
| 020 ## - INTERNATIONAL STANDARD BOOK NUMBER | |
| International Standard Book Number | 9783540488620 |
| 082 04 - DEWEY DECIMAL CLASSIFICATION NUMBER | |
| Classification number | 530.12 |
| 090 ## - LOCALLY ASSIGNED LC-TYPE CALL NUMBER (OCLC); LOCAL CALL NUMBER (RLIN) | |
| -- | 1058 |
| -- | 1058 |
| 100 1# - MAIN ENTRY--PERSONAL NAME | |
| Personal name | Hora, Akihito. |
| 245 10 - TITLE STATEMENT | |
| Title | Quantum probability and spectral analysis of graphs / |
| Statement of responsibility, etc. | Akihito Hora, Nobuaki Obata, L. Accardi. |
| 260 ## - PUBLICATION, DISTRIBUTION, ETC. | |
| Place of publication, distribution, etc. | [S.l.] : |
| Name of publisher, distributor, etc. | Springer, |
| Date of publication, distribution, etc. | 2007. |
| 300 ## - PHYSICAL DESCRIPTION | |
| Extent | 389 p. ; |
| Dimensions | 24 cm. |
| 490 1# - SERIES STATEMENT | |
| Series statement | Theoretical and mathematical physics. |
| 700 1# - ADDED ENTRY--PERSONAL NAME | |
| Personal name | Obata, Nobuaki. |
| 700 1# - ADDED ENTRY--PERSONAL NAME | |
| Personal name | Accardi, L. |
| 830 #0 - SERIES ADDED ENTRY--UNIFORM TITLE | |
| Uniform title | Theoretical and mathematical physics. |
| 942 ## - ADDED ENTRY ELEMENTS (KOHA) | |
| Institution code [OBSOLETE] | SNS |
| Koha item type | Book |
| Call number prefix | 530.12 HOR |
| Withdrawn status | Lost status | Damaged status | Not for loan | Permanent Location | Current Location | Date acquired | Total Checkouts | Full call number | Barcode | Date last seen | Price effective from | Koha item type |
|---|---|---|---|---|---|---|---|---|---|---|---|---|
| School of Natural Sciences (SNS) | School of Natural Sciences (SNS) | 05/26/2016 | 530.12 HOR | SNS0001244 | 05/26/2016 | 05/26/2016 | Book |
